书目信息 |
| 题名: |
三七植物保护学
|
|
| 作者: | 冯光泉 , 何月秋 , 刘迪秋 主编 | |
| 分册: | ||
| 出版信息: | 北京 科学出版社 2018.03 |
|
| 页数: | 303页 | |
| 开本: | 24cm | |
| 丛书名: | ||
| 单 册: | ||
| 中图分类: | S567.23 | |
| 科图分类: | ||
| 主题词: | 三七--植物保护 | |
| 电子资源: | ||
| ISBN: | 978-7-03-056984-4 | |
| 000 | 00916nam0 2200253 450 | |
| 001 | 4640 | |
| 005 | 20181012144616.97 | |
| 010 | @a978-7-03-056984-4@dCNY138.00 | |
| 100 | @a20180612d2018 em y0chiy50 ea | |
| 101 | 0 | @achi |
| 102 | @aCN@b110000 | |
| 105 | @aa z 000yy | |
| 200 | 1 | @a三七植物保护学@9san qi zhi wu bao hu xue@f冯光泉, 何月秋, 刘迪秋主编 |
| 210 | @a北京@c科学出版社@d2018.03 | |
| 215 | @a303页@c图@d24cm | |
| 300 | @a中国三七大全 | |
| 330 | @a本书是科研、教学一线的人员依据长期调查研究所取得的科研成果编著而成。介绍了农作物有害生物防治学的基础知识,三七上发生的主要病、虫、杂草种类、发生规律及防治技术和农药基本知识。 | |
| 606 | 0 | @a三七@x植物保护 |
| 690 | @aS567.23@v5 | |
| 701 | 0 | @a冯光泉@9feng guang quan@f(1965- )@4主编 |
| 701 | 0 | @a何月秋@9he yue qiu@f(1956- )@4主编 |
| 701 | 0 | @a刘迪秋@9liu di qiu@f(1979- )@4主编 |
| 801 | 0 | @aCN@b91MARC@c20180612 |
| 905 | @aMuseLib@dS567.23@e83 | |
| 三七植物保护学/冯光泉, 何月秋, 刘迪秋主编.-北京:科学出版社,2018.03 |
| 303页:图;24cm |
| 中国三七大全 |
| ISBN 978-7-03-056984-4:CNY138.00 |
| 本书是科研、教学一线的人员依据长期调查研究所取得的科研成果编著而成。介绍了农作物有害生物防治学的基础知识,三七上发生的主要病、虫、杂草种类、发生规律及防治技术和农药基本知识。 |
| ● |
| 相关链接 |
|
|
|
|
正题名:三七植物保护学
索取号:S567.23/83
 
预约/预借
| 序号 | 登录号 | 条形码 | 馆藏地/架位号 | 状态 | 备注 |
| 1 | 1126088 | 211260883 | 第二样本阅览室/ [索取号:S567.23/83] | 在馆 | |
| 2 | 1126089 | 211260892 | 密集书库-生命科学系/ [索取号:S567.23/83] | 在馆 | |
| 3 | 1126090 | 211260909 | 第三借阅区/ [索取号:S567.23/83] | 在馆 |